000 01083nam a2200289 i 4500
001 000042925
003 DO-SdBNP
005 20241209090016.0
007 ta
008 130624s1989 dr r 000 0 spa d
020 _a9977581274
040 _aDO-SdBNP
_bspa
_cBNPHU
_drda
082 _axxxx
_bR426r
_222
110 1 _aRepublica Dominicana.
_bOficina Nacional de Planificación.
_970392
245 0 0 _aRepública Dominicana :
_bestimaciones y proyecciones de población por regiones y subregiones de planificación según años calendario, sexo y edad 1980-2000
264 _aSan José, Costa Rica :
_bONAPLAN
_bIEPD,
_c1989
300 _a93 paginas. ;
_c28 cm.
336 _2rdacontent
_atexto
_btxt
337 _2rdamedia
_asin mediación
_bn
338 _2rdacarrier
_avolumen
_bnc
590 _aInventariado, 2023/DG
710 1 2 _aRepublica Dominicana.
_bOficina Nacional de Planificación.
_970392
710 2 2 _aInstituto de Estudios de Población y Desarrollo (República Dominicana)
_970393
710 2 2 _aCELADE (Organización)
_970394
910 _aDG
942 _2ddc
_cLBS1
999 _c54050
_d54050